Washington Football Team Quarterbacks since Kirk Cousins - Statistics

General Stats
  • This quiz has been taken 60 times
  • The average score is 5 of 8
Answer Stats
Games Started Record as Starter Passer Rating Answer % Correct
16 11-5 82.6 Alex Smith
90%
13 3-10 74.4 Dwayne Haskins
86%
1 0-1 102.3 Taylor Heinicke
78%
4 1-3 99.3 Kyle Allen
69%
8 1-7 91.3 Case Keenum
61%
3 0-3 72.8 Colt McCoy
55%
3 1-2 69.4 Josh Johnson
47%
1 0-1 28.0 Mark Sanchez
43%
No matching quizzes found
Score Distribution
Percent of People with Each Score
Percentile by Number Answered
Your Score History
You have not taken this quiz